Fragmented state power and forced migration : (Record no. 14287)
[ view plain ]
| 000 -LEADER | |
|---|---|
| fixed length control field | 01584cam a2200337 a 4500 |
| 001 - CONTROL NUMBER | |
| control field | 17253234 |
| 005 - DATE AND TIME OF LATEST TRANSACTION | |
| control field | 20170105102851.0 |
| 008 - FIXED-LENGTH DATA ELEMENTS--GENERAL INFORMATION | |
| fixed length control field | 120412s2012 ne b 001 0 eng |
| 010 ## - LIBRARY OF CONGRESS CONTROL NUMBER | |
| LC control number | 2012015231 |
| 020 ## - INTERNATIONAL STANDARD BOOK NUMBER | |
| International Standard Book Number | 9789004228849 (hbk. : alk. paper) |
| 020 ## - INTERNATIONAL STANDARD BOOK NUMBER | |
| International Standard Book Number | 9789004228856 (ebk.) |
| 040 ## - CATALOGING SOURCE | |
| Original cataloging agency | DLC |
| Transcribing agency | DLC |
| Modifying agency | DLC |
| 042 ## - AUTHENTICATION CODE | |
| Authentication code | pcc |
| 043 ## - GEOGRAPHIC AREA CODE | |
| Geographic area code | e------ |
| 050 00 - LIBRARY OF CONGRESS CALL NUMBER | |
| Classification number | KJC6057 |
| Item number | .N95 2012 |
| 082 00 - DEWEY DECIMAL CLASSIFICATION NUMBER | |
| Classification number | 342.408/3 |
| Edition number | 23 |
| 100 1# - MAIN ENTRY--PERSONAL NAME | |
| Personal name | Nykänen, Eeva. |
| 245 10 - TITLE STATEMENT | |
| Title | Fragmented state power and forced migration : |
| Remainder of title | a study on non-state actors in refugee law / |
| Statement of responsibility, etc. | by Eeva Nykänen. |
| 260 ## - PUBLICATION, DISTRIBUTION, ETC. | |
| Place of publication, distribution, etc. | Leiden ; |
| -- | Boston : |
| Name of publisher, distributor, etc. | Martinus Nijhoff Publishers, |
| Date of publication, distribution, etc. | c 2012. |
| 300 ## - PHYSICAL DESCRIPTION | |
| Extent | xii, 387 p. ; |
| Dimensions | 25 cm. |
| 504 ## - BIBLIOGRAPHY, ETC. NOTE | |
| Bibliography, etc. note | Includes bibliographical references (p. [357]-384) and index. |
| 505 0# - FORMATTED CONTENTS NOTE | |
| Formatted contents note | Introduction -- Normative foundations of the system of international protection in Europe -- Normative foundations of the system of international protection in Europe -- Non-state actors and the refugee definition -- The European Convention on Human Rights, prohibition of refoulement, and non-state actors -- Subsidiary protection and non-state actors. |
| 650 #0 - SUBJECT ADDED ENTRY--TOPICAL TERM | |
| Topical term or geographic name entry element | Refugees |
| General subdivision | Legal status, laws, etc. |
| Geographic subdivision | Europe. |
| 650 #0 - SUBJECT ADDED ENTRY--TOPICAL TERM | |
| Topical term or geographic name entry element | Asylum, Right of |
| Geographic subdivision | Europe. |
| 650 #0 - SUBJECT ADDED ENTRY--TOPICAL TERM | |
| Topical term or geographic name entry element | Forced migration |
| Geographic subdivision | Europe. |
| 650 #0 - SUBJECT ADDED ENTRY--TOPICAL TERM | |
| Topical term or geographic name entry element | Non-state actors (International relations) |
| Geographic subdivision | Europe. |
| 650 #0 - SUBJECT ADDED ENTRY--TOPICAL TERM | |
| Topical term or geographic name entry element | Human rights |
| Geographic subdivision | Europe. |
| 906 ## - LOCAL DATA ELEMENT F, LDF (RLIN) | |
| a | 7 |
| b | cbc |
| c | orignew |
| d | 1 |
| e | ecip |
| f | 20 |
| g | y-gencatlg |
| 942 ## - ADDED ENTRY ELEMENTS (KOHA) | |
| Source of classification or shelving scheme | |
| Koha item type | Book |
| Withdrawn status | Lost status | Damaged status | Not for loan | Collection code | Permanent Location | Current Location | Shelving location | Date acquired | Total Checkouts | Full call number | Barcode | Date last seen | Price effective from | Koha item type |
|---|---|---|---|---|---|---|---|---|---|---|---|---|---|---|
| Centre for International Peace & Stability (CIPS) | Centre for International Peace & Stability (CIPS) | General Stacks | 08/21/2013 | 342.4083 NYK 2012 | CIPS0000404 | 08/21/2013 | 08/21/2013 | Book |
